000 00560nam a2200181 i 4500
001 134689
003 ES-MaACL
005 20250831130153.0
007 t|
008 070912s1925 fr ||||1| fre d
100 1 _aWeill, Georges.
_9116344
245 1 0 _aHistoire de l'idée laique en France aux XIXe siècle /
_cpar Georges Weill.
260 _aParis :
_b[s.n.],
_c1925 (
_eSaint-Denis :
_fJ. Dardaillon)
300 _a376 p. ;
_c23 cm.
650 4 _aLaicismo-
_zFrancia-
_yS.XIX
_914049
852 _aES-MaACL
_jB-3568
999 _c134689
_d134689